[Event "Univé Chess Tournament 2009 - Open"]
[Site "Hoogeveen NED"]
[Date "2009.10.21"]
[Round "6.7"]
[White "Riemersma, Li"]
[Black "Caspi, Israel"]
[Result "0-1"]
[WhiteElo "2431"]
[BlackElo "2404"]
[PlyCount "182"]
[EventDate "2009.10.16"]
[EventType "swiss"]
[EventRounds "9"]
[EventCountry "NED"]
[Source "lmi"]
[SourceDate "2009.10.16"]

1. d4 f5 2. g3 Nf6 3. Bg2 g6 4. Nh3 Bg7 5. Nf4 Nc6 6. d5 Ne5 7. Nc3 O-O 8. O-O
c6 9. e4 fxe4 10. Nxe4 Nxd5 11. Nxd5 cxd5 12. Qxd5+ e6 13. Qb3 d5 14. Bg5 Qc7
15. Nc3 Bd7 16. Rae1 Kh8 17. Re2 Nc6 18. Nb5 Qb8 19. c3 a6 20. Na3 b5 21. Nc2
Na5 22. Qb4 Nc4 23. Ne3 Ne5 24. Bf4 a5 25. Qe7 Rxf4 26. gxf4 Bf8 27. Qf6+ Bg7
28. Qe7 Bf8 29. Qg5 Nd3 30. Ng4 Qxf4 31. Qf6+ Bg7 32. Qxf4 Nxf4 33. Re3 b4 34.
Rd1 Bb5 35. Bf1 Ba4 36. b3 Bc6 37. Ne5 Bxe5 38. Rxe5 bxc3 39. Re3 c2 40. Rc1 d4
41. Rxc2 dxe3 42. fxe3 Be4 43. Rc4 Bb1 44. Rxf4 Bxa2 45. Bc4 a4 46. bxa4 e5 47.
Re4 Rxa4 48. Bd5 Rxe4 49. Bxe4 Kg7 50. h4 Kf6 51. Kf2 Ke6 52. Kg3 Bd5 53. Bc2
Kf6 54. Bb1 Be6 55. Bc2 Bf5 56. Bb3 g5 57. Bd1 h6 58. Bf3 Bd3 59. Bg4 Bg6 60.
Bc8 h5 61. Bb7 g4 62. Bg2 Bd3 63. Bc6 Bg6 64. Bg2 Ke6 65. e4 Be8 66. Bf1 Bc6
67. Bc4+ Ke7 68. Bd3 Kd6 69. Kf2 Kc5 70. Ke3 Bb5 71. Bb1 Kb4 72. Bc2 Kc3 73.
Bd1 Kb2 74. Kd2 Bc6 75. Ke3 Kc3 76. Be2 Be8 77. Ba6 Bg6 78. Bb5 g3 79. Kf3 Kd4
80. Ba4 Bxe4+ 81. Kxg3 Ke3 82. Be8 Bf3 83. Bd7 e4 84. Bc6 Bg4 85. Bb7 Kd3 86.
Kf2 Bf5 87. Ke1 Ke3 88. Ba6 Bg4 89. Bb7 Kf3 90. Kd2 Bf5 91. Bc6 Kf2 0-1

[Event "Univé Chess Tournament 2009 - Open"]
[Site "Hoogeveen NED"]
[Date "2009.10.21"]
[Round "6.8"]
[White "Vul, Arkadi Eremeevich"]
[Black "Kraai, Jesse"]
[Result "1/2-1/2"]
[WhiteElo "2309"]
[BlackElo "2526"]
[PlyCount "173"]
[EventDate "2009.10.16"]
[EventType "swiss"]
[EventRounds "9"]
[EventCountry "NED"]
[Source "lmi"]
[SourceDate "2009.10.16"]

1. Nf3 c5 2. c4 Nc6 3. d4 cxd4 4. Nxd4 e5 5. Nc2 Nf6 6. Nc3 Bc5 7. Be3 Qb6 8.
Bxc5 Qxc5 9. e3 d6 10. Nd5 Nxd5 11. Qxd5 Be6 12. Qxc5 dxc5 13. O-O-O Ke7 14.
Be2 e4 15. b3 Ne5 16. Na3 a6 17. Nb1 b5 18. Nc3 Rhb8 19. Nd5+ Kf8 20. Nc7 Ra7
21. Nxe6+ fxe6 22. Kc2 Ke7 23. a3 Rab7 24. Rb1 g5 25. cxb5 axb5 26. a4 Nd3 27.
axb5 Nxf2 28. Rhf1 Nd3 29. Bxd3 exd3+ 30. Kxd3 Rxb5 31. Kc3 Rb4 32. Kc2 Kd6 33.
Rf7 Ke5 34. Rc7 R8b5 35. Kc3 Re4 36. Rxh7 Rxe3+ 37. Kc4 Rb4+ 38. Kxc5 Rbxb3 39.
Rxb3 Rxb3 40. Kc4 Rb2 41. g3 Ke4 42. Kc3 Rg2 43. Rg7 Rxh2 44. Rxg5 e5 45. g4
Rg2 46. Rg8 Kf4 47. Rf8+ Ke3 48. Rg8 e4 49. g5 Ke2 50. g6 e3 51. g7 Rg4 52. Kb3
Rg3 53. Kc2 Rg6 54. Kb3 Rb6+ 55. Kc2 Rb7 56. Kc3 Rd7 57. Kc2 Rc7+ 58. Kb3 Re7
59. Kc2 Ke1 60. Kb2 e2 61. Kc2 Rb7 62. Kc1 Rd7 63. Kc2 Re7 64. Kb3 Re3+ 65. Kc2
Rg3 66. Kb2 Rg1 67. Kc2 Rg2 68. Kc1 Rg4 69. Kc2 Re4 70. Kb3 Re7 71. Kb2 Rf7 72.
Kc2 Rd7 73. Kc1 Rb7 74. Kc2 Re7 75. Kb2 Rc7 76. Kb3 Rd7 77. Kc2 Re7 78. Kb2 Ra7
79. Kc2 Rb7 80. Kc1 Re7 81. Kc2 Rf7 82. Kb2 Rc7 83. Kb3 Rd7 84. Kc2 Re7 85. Kb2
Rc7 86. Kb3 Rd7 87. Kc2 1/2-1/2

[Event "Univé Chess Tournament 2009 - Open"]
[Site "Hoogeveen NED"]
[Date "2009.10.21"]
[Round "6.10"]
[White "Jellema, Yme Jan"]
[Black "Willemze, Thomas"]
[Result "0-1"]
[WhiteElo "2177"]
[BlackElo "2391"]
[PlyCount "94"]
[EventDate "2009.10.16"]
[EventType "swiss"]
[EventRounds "9"]
[EventCountry "NED"]
[Source "lmi"]
[SourceDate "2009.10.16"]

1. e4 e6 2. d4 d5 3. Nc3 Bb4 4. Bd2 dxe4 5. Qg4 Nf6 6. Qxg7 Rg8 7. Qh6 Qxd4 8.
Nge2 Qe5 9. h3 Rg6 10. Qf4 Bd6 11. Qxe5 Bxe5 12. g4 Nd5 13. Nxe4 Bxb2 14. Rb1
Ba3 15. c4 Nf6 16. Bg2 Nbd7 17. g5 Nxe4 18. Bxe4 Ne5 19. h4 f5 20. gxf6 Rxf6
21. Bc3 Nf3+ 22. Kf1 e5 23. Bxh7 Bc5 24. Bg8 Bg4 25. Ng3 Nd2+ 26. Bxd2 Rxf2+
27. Ke1 O-O-O 28. Bd5 c6 29. Be6+ Bxe6 30. Ne4 Bf5 31. Nxf2 Bxb1 32. Ng4 Bf5
33. Ne3 Be4 34. Rh2 Rd3 35. Ke2 Ra3 36. h5 Rxa2 37. h6 Bh7 38. Rf2 Bb4 39. Nf1
Bg6 40. Rf6 Bh5+ 41. Ke1 Be7 42. Rd6 Bh4+ 43. Ng3 Bxg3+ 44. Kf1 Bf3 45. Bc1 Rh2
46. Be3 Rh1+ 47. Bg1 Bf4 0-1

[Event "Univé Chess Tournament 2009 - Open"]
[Site "Hoogeveen NED"]
[Date "2009.10.21"]
[Round "6.11"]
[White "Bezemer, Arno"]
[Black "Pijpers, Arthur"]
[Result "1/2-1/2"]
[WhiteElo "2364"]
[BlackElo "2190"]
[PlyCount "45"]
[EventDate "2009.10.16"]
[EventType "swiss"]
[EventRounds "9"]
[EventCountry "NED"]
[Source "lmi"]
[SourceDate "2009.10.16"]

1. c4 e5 2. g3 Nf6 3. Bg2 d5 4. cxd5 Nxd5 5. Nf3 Nc6 6. O-O Be7 7. d4 exd4 8.
Nxd4 Nxd4 9. Qxd4 Nf6 10. Qa4+ c6 11. Rd1 Nd7 12. Nc3 O-O 13. Be3 Qe8 14. Ne4
Nf6 15. Rd2 Nxe4 16. Bxe4 Be6 17. Rad1 Qc8 18. Qc2 h6 19. a3 a5 20. Bc5 Bxc5
21. Qxc5 Bb3 22. Rc1 Rd8 23. Rxd8+ 1/2-1/2

[Event "Univé Chess Tournament 2009 - Open"]
[Site "Hoogeveen NED"]
[Date "2009.10.21"]
[Round "6.12"]
[White "Klein, David"]
[Black "Vedder, Henk"]
[Result "1/2-1/2"]
[WhiteElo "2248"]
[BlackElo "2364"]
[PlyCount "59"]
[EventDate "2009.10.16"]
[EventType "swiss"]
[EventRounds "9"]
[EventCountry "NED"]
[Source "lmi"]
[SourceDate "2009.10.16"]

1. e4 e6 2. d4 d5 3. Nd2 Nf6 4. e5 Nfd7 5. c3 c5 6. Bd3 b6 7. Qe2 cxd4 8. cxd4
Nc6 9. Ndf3 Nb4 10. Bb1 Ba6 11. Qd1 Qc7 12. a3 Qc4 13. Ne2 Nd3+ 14. Bxd3 Qxd3
15. Qxd3 Bxd3 16. Be3 a5 17. Nf4 Bc4 18. Nd2 Ba6 19. Rc1 Be7 20. f3 O-O 21. Kf2
Rfc8 22. Ne2 a4 23. Rxc8+ Rxc8 24. Rc1 Rxc1 25. Nxc1 Nb8 26. Na2 Bc8 27. Nb1 f6
28. exf6 gxf6 29. Nbc3 Bd7 30. Nb4 1/2-1/2

[Event "Univé Chess Tournament 2009 - Open"]
[Site "Hoogeveen NED"]
[Date "2009.10.21"]
[Round "6.13"]
[White "Van Delft, Merijn"]
[Black "Kasparova, Tatiana"]
[Result "1-0"]
[WhiteElo "2374"]
[BlackElo "2175"]
[PlyCount "79"]
[EventDate "2009.10.16"]
[EventType "swiss"]
[EventRounds "9"]
[EventCountry "NED"]
[Source "lmi"]
[SourceDate "2009.10.16"]

1. e4 c6 2. d4 d5 3. Nc3 dxe4 4. Nxe4 Bf5 5. Ng3 Bg6 6. h4 h6 7. Nf3 Nd7 8. h5
Bh7 9. Bd3 Bxd3 10. Qxd3 e6 11. Bd2 Ngf6 12. O-O-O Be7 13. Qe2 O-O 14. Nf1 c5
15. g4 cxd4 16. g5 hxg5 17. Bxg5 Qa5 18. Kb1 Rfe8 19. Rxd4 Rad8 20. Rg1 Nf8 21.
Rh4 N8h7 22. Bd2 Qd5 23. Ne3 Qc5 24. Bb4 Qc7 25. Bc3 b5 26. h6 g6 27. Qxb5 Rb8
28. Rc4 Qb7 29. Qxb7 Rxb7 30. Ne5 Bf8 31. N5g4 Nxg4 32. Nxg4 Rd8 33. a4 Rbd7
34. Ka2 Be7 35. Ne5 Rb7 36. Nxg6 fxg6 37. Rxg6+ Kf8 38. Rg7 Ng5 39. Rg4 Ke8 40.
R4xg5 1-0

[Event "Univé Chess Tournament 2009 - Open"]
[Site "Hoogeveen NED"]
[Date "2009.10.21"]
[Round "6.14"]
[White "Tondivar, Babak"]
[Black "Hoffman, Ron"]
[Result "1/2-1/2"]
[WhiteElo "2367"]
[BlackElo "2107"]
[PlyCount "49"]
[EventDate "2009.10.16"]
[EventType "swiss"]
[EventRounds "9"]
[EventCountry "NED"]
[Source "lmi"]
[SourceDate "2009.10.16"]

1. Nf3 g6 2. c4 Bg7 3. Nc3 d6 4. g3 e5 5. Bg2 Nf6 6. d3 O-O 7. O-O h6 8. Rb1 a5
9. a3 Nc6 10. b4 axb4 11. axb4 Be6 12. b5 Ne7 13. Qb3 Qd7 14. Rd1 Bh3 15. Bh1
Ng4 16. d4 exd4 17. Nxd4 Nf5 18. Nf3 Qe6 19. e4 Ne7 20. Ba3 Rfd8 21. Nd5 Nxd5
22. exd5 Qd7 23. b6 cxb6 24. Bg2 Bxg2 25. Kxg2 1/2-1/2

[Event "Univé Chess Tournament 2009 - Open"]
[Site "Hoogeveen NED"]
[Date "2009.10.21"]
[Round "6.15"]
[White "Grooten, Herman"]
[Black "Bijlsma, Nick"]
[Result "1/2-1/2"]
[WhiteElo "2328"]
[BlackElo "2028"]
[PlyCount "125"]
[EventDate "2009.10.16"]
[EventType "swiss"]
[EventRounds "9"]
[EventCountry "NED"]
[Source "lmi"]
[SourceDate "2009.10.16"]

1. d4 Nf6 2. c4 g6 3. Nc3 d5 4. Bg5 Ne4 5. Bh4 Nxc3 6. bxc3 dxc4 7. e3 Be6 8.
Nf3 Bg7 9. Qb1 Qd5 10. Ng5 Bc8 11. Qb4 c5 12. Bxc4 Qxg5 13. Qb5+ Bd7 14. Bxg5
Bxb5 15. Bxb5+ Nd7 16. Rb1 b6 17. dxc5 f6 18. Bf4 e5 19. Bg3 Ke7 20. cxb6 axb6
21. a4 Rhc8 22. Kd2 Nc5 23. Rb4 f5 24. f3 e4 25. Bh4+ Kf8 26. Rc1 Ra7 27. Rc2
Be5 28. Ke2 Nd3 29. Rb3 Nc5 30. Ra3 Rca8 31. Kf1 Ra5 32. c4 Rc8 33. Be1 Ra7 34.
Bb4 Kf7 35. a5 bxa5 36. Rxa5 Rxa5 37. Bxa5 Ke6 38. Bb6 Bd6 39. Ra2 g5 40. Ra7
exf3 41. gxf3 Be7 42. h3 h5 43. Rc7 Rxc7 44. Bxc7 g4 45. f4 Ne4 46. Be5 Bc5 47.
Bd4 Ng3+ 48. Kf2 Ne4+ 49. Kg2 Bxd4 50. exd4 Nc3 51. Ba6 Ne2 52. d5+ Kd7 53.
Bb5+ Kd8 54. hxg4 hxg4 55. Kf2 Nxf4 56. Ke3 g3 57. d6 Ne6 58. Bc6 f4+ 59. Kd3
Ng5 60. Ke2 Ne6 61. Kf1 Nd4 62. Bg2 f3 63. Bxf3 1/2-1/2

[Event "Univé Chess Tournament 2009 - Open"]
[Site "Hoogeveen NED"]
[Date "2009.10.21"]
[Round "6.16"]
[White "Clemens, Adrian"]
[Black "Hummel, Joop"]
[Result "1/2-1/2"]
[WhiteElo "2264"]
[BlackElo "2025"]
[PlyCount "64"]
[EventDate "2009.10.16"]
[EventType "swiss"]
[EventRounds "9"]
[EventCountry "NED"]
[Source "lmi"]
[SourceDate "2009.10.16"]

1. d4 d5 2. c4 e6 3. Nf3 c6 4. e3 Nf6 5. b3 Bd6 6. Bb2 O-O 7. Bd3 Nbd7 8. O-O
Re8 9. Ne5 Nf8 10. Nd2 Ng6 11. f4 c5 12. g4 dxc4 13. Ndxc4 Be7 14. Qf3 Qc7 15.
f5 exf5 16. gxf5 Nf8 17. d5 h6 18. Rad1 N8h7 19. d6 Bxd6 20. Nxd6 Ng5 21. Qg2
Qxd6 22. Bc4 Qc7 23. h4 Rxe5 24. hxg5 Rxe3 25. Rd8+ Qxd8 26. gxf6 Qf8 27. Rf4
Bd7 28. Rg4 Re1+ 29. Kh2 Qd6+ 30. Qg3 Qd2+ 31. Qg2 Qd6+ 32. Qg3 Qd2+ 1/2-1/2

[Event "Univé Chess Tournament 2009 - Open"]
[Site "Hoogeveen NED"]
[Date "2009.10.21"]
[Round "6.18"]
[White "Van der Veen, Jan"]
[Black "Timmermans, Ivo"]
[Result "0-1"]
[WhiteElo "2144"]
[BlackElo "2237"]
[PlyCount "58"]
[EventDate "2009.10.16"]
[EventType "swiss"]
[EventRounds "9"]
[EventCountry "NED"]
[Source "lmi"]
[SourceDate "2009.10.16"]

1. e4 e6 2. d4 d5 3. Nc3 Bb4 4. e5 c5 5. Bd2 cxd4 6. Nb5 Bc5 7. b4 Bb6 8. f4
Nh6 9. Bd3 O-O 10. Nf3 f6 11. Qe2 a6 12. Nd6 Nc6 13. O-O Nf5 14. Nxf5 exf5 15.
exf6 Qxf6 16. Rae1 Bd7 17. Ne5 Rad8 18. Qf3 Ne7 19. Nxd7 Rxd7 20. Re2 Qf7 21.
Rfe1 Nc8 22. Re5 g6 23. Bc1 Bc7 24. R5e2 Nd6 25. Bb2 Bb6 26. Re6 Re8 27. Qxd5
Rde7 28. Qxd6 Rxe6 29. Rxe6 Rxe6 0-1

[Event "Univé Chess Tournament 2009 - Open"]
[Site "Hoogeveen NED"]
[Date "2009.10.21"]
[Round "6.20"]
[White "Afek, Yochanan"]
[Black "Sadallah, Osama"]
[Result "1-0"]
[WhiteElo "2303"]
[BlackElo "2156"]
[PlyCount "65"]
[EventDate "2009.10.16"]
[EventType "swiss"]
[EventRounds "9"]
[EventCountry "NED"]
[Source "lmi"]
[SourceDate "2009.10.16"]

1. e4 c5 2. c3 g6 3. d4 cxd4 4. cxd4 d5 5. exd5 Nf6 6. Bb5+ Nbd7 7. Nc3 Bg7 8.
d6 exd6 9. Qe2+ Qe7 10. Bf4 Qxe2+ 11. Bxe2 Ke7 12. Bf3 Nb6 13. Nge2 h6 14. h4
Rd8 15. O-O a6 16. a4 Rb8 17. a5 Na8 18. Ng3 Nc7 19. Rfe1+ Kf8 20. Nge4 Nxe4
21. Nxe4 Nb5 22. Be2 f5 23. Bxb5 fxe4 24. Bc4 Bf5 25. Bd5 b6 26. Rac1 bxa5 27.
Rc7 Rb5 28. Rf7+ Ke8 29. Rxg7 Rxd5 30. Rc1 Rxd4 31. Rcc7 Rd7 32. Rc8+ Rd8 33.
Rg8+ 1-0

[Event "Univé Chess Tournament 2009 - Open"]
[Site "Hoogeveen NED"]
[Date "2009.10.21"]
[Round "6.21"]
[White "Mellema, Andries"]
[Black "Vinke, Andreas"]
[Result "1/2-1/2"]
[WhiteElo "2125"]
[BlackElo "2232"]
[PlyCount "157"]
[EventDate "2009.10.16"]
[EventType "swiss"]
[EventRounds "9"]
[EventCountry "NED"]
[Source "lmi"]
[SourceDate "2009.10.16"]

1. e4 e6 2. d4 d5 3. Nc3 Bb4 4. e5 Ne7 5. a3 Bxc3+ 6. bxc3 b6 7. Nf3 Ba6 8.
Bxa6 Nxa6 9. O-O Qd7 10. a4 Nb8 11. Qd3 Nbc6 12. c4 dxc4 13. Qxc4 Na5 14. Qd3
c5 15. dxc5 Qxd3 16. cxd3 Nb3 17. Ra3 Nxc5 18. Be3 Nb7 19. Nd4 Nd5 20. Rb1 O-O
21. Kf1 Rfc8 22. Bd2 Rc5 23. Rb5 Rac8 24. Ke1 R5c7 25. Rb1 a6 26. Ke2 Kf8 27.
g3 Ke8 28. Rb2 Kd7 29. Raa2 Nd8 30. Nc2 Nc6 31. f4 Nce7 32. Kf3 h5 33. Ne3 Rb8
34. Nc4 Nf5 35. Bb4 Rc6 36. Bd6 Rbc8 37. Ra1 Ke8 38. Rab1 b5 39. axb5 axb5 40.
Rxb5 Nd4+ 41. Kg2 Nxb5 42. Rxb5 Ra8 43. Kh3 Rca6 44. Kh4 g6 45. Bc5 Kd7 46. Nd6
Kc6 47. d4 Ra2 48. h3 Rg2 49. Rb7 f6 50. Rg7 g5+ 51. fxg5 fxe5 52. Nc4 exd4 53.
Bxd4 Kb5 54. Nd6+ Kc6 55. Nc4 Kb5 56. Nd6+ Kc6 57. Nf7 Ne7 58. Ne5+ Kd6 59.
Nc4+ Kd5 60. Rxe7 Kxd4 61. Nb6 Ra6 62. Rxe6 Rb2 63. g6 Raxb6 64. Rxb6 Rxb6 65.
Kxh5 Rb3 66. g4 Rxh3+ 67. Kg5 Rh8 68. g7 Ra8 69. Kf5 Ke3 70. g5 Kf3 71. g6 Kg3
72. Kg5 Kf3 73. Kf5 Kg3 74. Kg5 Kf3 75. Kh6 Kg4 76. Kh7 Kg5 77. g8=Q Rxg8 78.
g7 Rxg7+ 79. Kxg7 1/2-1/2

[Event "Univé Chess Tournament 2009 - Open"]
[Site "Hoogeveen NED"]
[Date "2009.10.21"]
[Round "6.22"]
[White "Lagrotteria, Salvatore"]
[Black "Cako, Laszlo"]
[Result "1-0"]
[WhiteElo "2221"]
[BlackElo "2159"]
[PlyCount "133"]
[EventDate "2009.10.16"]
[EventType "swiss"]
[EventRounds "9"]
[EventCountry "NED"]
[Source "lmi"]
[SourceDate "2009.10.16"]

1. d4 Nf6 2. c4 e6 3. Nf3 b6 4. g3 Ba6 5. b3 Bb4+ 6. Bd2 Be7 7. Bg2 c6 8. Bc3
d5 9. Ne5 Nfd7 10. Nxd7 Nxd7 11. Nd2 Rc8 12. O-O O-O 13. e4 b5 14. Re1 bxc4 15.
bxc4 dxc4 16. f4 Rb8 17. Qa4 Bb5 18. Qc2 Qc7 19. Bf1 c5 20. d5 exd5 21. exd5
Nb6 22. Be5 Bd6 23. Bg2 Rfe8 24. a4 c3 25. Nf3 Bd7 26. a5 Nc8 27. Ng5 g6 28.
Qxc3 c4 29. Bh8 Bf8 30. Rxe8 Bxe8 31. Be5 Qc5+ 32. Bd4 Qb4 33. Ne4 Be7 34. Re1
Bd7 35. Nf6+ Bxf6 36. Bxf6 Qxc3 37. Bxc3 Rb3 38. Rc1 Bb5 39. Be5 Rd3 40. Rb1 a6
41. Rc1 Kf8 42. Be4 Rd2 43. Bc3 Ra2 44. Re1 f5 45. Bb1 Ra4 46. h3 Kf7 47. g4
fxg4 48. hxg4 Ra3 49. Rc1 Bd7 50. g5 Ne7 51. Be4 Nf5 52. Bb4 Ra4 53. Rxc4 Nd6
54. Rc7 Ke8 55. Bxd6 Rxe4 56. Be5 Ra4 57. Ra7 Rxa5 58. Ra8+ Kf7 59. d6 Bf5 60.
Ra7+ Ke8 61. Re7+ Kd8 62. Rxh7 Ra2 63. Rf7 Rd2 64. Ra7 Ra2 65. Bf6+ Ke8 66.
Re7+ Kf8 67. d7 1-0

[Event "Univé Chess Tournament 2009 - Open"]
[Site "Hoogeveen NED"]
[Date "2009.10.21"]
[Round "6.24"]
[White "Haast, Anne"]
[Black "Hendriks, Richard"]
[Result "1-0"]
[WhiteElo "2215"]
[BlackElo "2117"]
[PlyCount "41"]
[EventDate "2009.10.16"]
[EventType "swiss"]
[EventRounds "9"]
[EventCountry "NED"]
[Source "lmi"]
[SourceDate "2009.10.16"]

1. e4 e5 2. Nf3 Nc6 3. Bb5 f5 4. d3 Nf6 5. O-O fxe4 6. dxe4 Bc5 7. Qe2 d6 8.
Qc4 Qe7 9. Be3 Bd7 10. Bxc5 dxc5 11. Nc3 O-O-O 12. Rad1 Kb8 13. Nd5 Qe8 14.
Nxf6 gxf6 15. Qxc5 Rg8 16. g3 Qh5 17. Rd3 Bh3 18. Bxc6 Rxd3 19. Qb5 Bc8 20.
Qxd3 bxc6 21. Qb3+ 1-0

[Event "Univé Chess Tournament 2009 - Open"]
[Site "Hoogeveen NED"]
[Date "2009.10.21"]
[Round "6.25"]
[White "Kabos, Tobias"]
[Black "Hovenga, Alje"]
[Result "1-0"]
[WhiteElo "2175"]
[BlackElo "2206"]
[PlyCount "45"]
[EventDate "2009.10.16"]
[EventType "swiss"]
[EventRounds "9"]
[EventCountry "NED"]
[Source "lmi"]
[SourceDate "2009.10.16"]

1. e4 Nc6 2. Nf3 Nf6 3. e5 Ng4 4. d4 d6 5. h3 Nh6 6. Nc3 e6 7. Bb5 a6 8. Bxc6+
bxc6 9. O-O Nf5 10. Bg5 Qd7 11. Re1 Ne7 12. Qd3 h6 13. Bh4 Bb7 14. exd6 cxd6
15. Rad1 O-O-O 16. Na4 Kb8 17. Bg3 Ka7 18. Qb3 Nc8 19. c4 Ba8 20. Rd3 Be7 21.
Nc5 Qc7 22. Nxa6 Qb6 23. Qc2 1-0

[Event "Univé Chess Tournament 2009 - Open"]
[Site "Hoogeveen NED"]
[Date "2009.10.21"]
[Round "6.27"]
[White "Potze, Rudolf"]
[Black "Galje, Hans"]
[Result "1-0"]
[WhiteElo "2156"]
[BlackElo "2139"]
[PlyCount "107"]
[EventDate "2009.10.16"]
[EventType "swiss"]
[EventRounds "9"]
[EventCountry "NED"]
[Source "lmi"]
[SourceDate "2009.10.16"]

1. e4 d5 2. exd5 Nf6 3. d4 Nxd5 4. Nf3 g6 5. Be2 Bg7 6. O-O O-O 7. Re1 c5 8.
dxc5 Na6 9. Bc4 e6 10. c6 bxc6 11. c3 c5 12. Qe2 Qb6 13. a4 Nac7 14. a5 Qd6 15.
Rd1 Rd8 16. Qf1 Rb8 17. Na3 Bb7 18. Bg5 f6 19. Bc1 Qe7 20. Qe2 Kh8 21. Nb5 Nxb5
22. Bxb5 e5 23. h3 e4 24. Nh2 f5 25. Bc4 Be5 26. Nf1 f4 27. a6 Ba8 28. Re1 Rb6
29. Ra5 Nf6 30. Rb5 Rxb5 31. Bxb5 Bc7 32. Rd1 Rf8 33. b4 Qe5 34. bxc5 Qxc5 35.
Qc4 Qxc4 36. Bxc4 Be5 37. Bb5 Nd5 38. c4 Nc3 39. Ba3 Nxd1 40. Bxf8 Bd4 41. Bd6
Bxf2+ 42. Kh2 e3 43. c5 g5 44. Be2 Kg7 45. Bxd1 Kf6 46. Kh1 Bd5 47. Be2 h5 48.
Nh2 Kg6 49. Nf3 Kf5 50. Nd4+ Ke4 51. Nc2 g4 52. hxg4 hxg4 53. Bxg4 Kd3 54. Nb4+
1-0

[Event "Univé Chess Tournament 2009 - Open"]
[Site "Hoogeveen NED"]
[Date "2009.10.21"]
[Round "6.28"]
[White "Beukema, Stefan"]
[Black "Akotchik, Viktor"]
[Result "1-0"]
[WhiteElo "2032"]
[BlackElo "2102"]
[PlyCount "79"]
[EventDate "2009.10.16"]
[EventType "swiss"]
[EventRounds "9"]
[EventCountry "NED"]
[Source "lmi"]
[SourceDate "2009.10.16"]

1. e4 c5 2. Nf3 d6 3. d4 cxd4 4. Nxd4 Nf6 5. Nc3 a6 6. f4 Qb6 7. a3 g6 8. Be3
Bd7 9. Qd2 Ng4 10. Bg1 Qxb2 11. Nb3 Bg7 12. Bd4 e5 13. Nd1 Qxd4 14. Nxd4 exd4
15. Bd3 Nc6 16. Rb1 b5 17. h3 Nf6 18. O-O O-O 19. a4 b4 20. e5 dxe5 21. fxe5
Nd5 22. Be4 Be6 23. Nb2 Bxe5 24. Nd3 Bd6 25. Qh6 Rac8 26. Bxd5 Bxd5 27. Nf4 Be4
28. Rbe1 Bxf4 29. Rxf4 Bxc2 30. Rh4 g5 31. Qxg5+ Bg6 32. Qf6 d3 33. Rc4 Na7 34.
Qxa6 b3 35. Rxc8 Rxc8 36. Qxa7 d2 37. Rd1 Bc2 38. Qd7 Rc5 39. Qd8+ Kg7 40. Qd4+
1-0

[Event "Univé Chess Tournament 2009 - Open"]
[Site "Hoogeveen NED"]
[Date "2009.10.21"]
[Round "6.29"]
[White "Sparenberg, Erik"]
[Black "Ypma, Peter"]
[Result "1-0"]
[WhiteElo "2076"]
[BlackElo "2052"]
[PlyCount "74"]
[EventDate "2009.10.16"]
[EventType "swiss"]
[EventRounds "9"]
[EventCountry "NED"]
[Source "lmi"]
[SourceDate "2009.10.16"]

1. e4 e5 2. Nf3 Nc6 3. Bb5 a6 4. Bc4 Nf6 5. O-O Be7 6. Qe2 b5 7. Bb3 d6 8. c3
O-O 9. d3 Na5 10. Bc2 c5 11. Nbd2 Qc7 12. Re1 Re8 13. Nf1 Bf8 14. Bg5 Nd7 15.
Ne3 h6 16. Nd5 Qb8 17. Bd2 c4 18. b4 cxd3 19. Bxd3 Nc6 20. a4 bxa4 21. Rxa4 Nb6
22. Nxb6 Qxb6 23. b5 Na7 24. Be3 Qb7 25. Rxa6 Nxb5 26. Rxa8 Nxc3 27. Qc2 Qxa8
28. Qxc3 d5 29. Nxe5 Bd6 30. Qc6 Qxc6 31. Nxc6 dxe4 32. Bb5 f5 33. Na7 Rf8 34.
Bc4+ Kh7 35. Nxc8 Rxc8 36. Be6 Rf8 37. Rd1 Be5 1-0

[Event "Univé Chess Tournament 2009 - Open"]
[Site "Hoogeveen NED"]
[Date "2009.10.21"]
[Round "6.30"]
[White "Mol, Christiaan"]
[Black "Warmelink, Evie"]
[Result "0-1"]
[WhiteElo "2079"]
[BlackElo "1941"]
[PlyCount "98"]
[EventDate "2009.10.16"]
[EventType "swiss"]
[EventRounds "9"]
[EventCountry "NED"]
[Source "lmi"]
[SourceDate "2009.10.16"]

1. d4 Nf6 2. c4 c5 3. d5 b5 4. cxb5 a6 5. bxa6 g6 6. g3 Bg7 7. Bg2 d6 8. Nc3
Bxa6 9. Nh3 O-O 10. O-O Nbd7 11. Re1 Qa5 12. Nf4 Rfb8 13. Rb1 Ne5 14. Nd3 Nc4
15. Qc2 Nd7 16. Bg5 Nxb2 17. Ne4 c4 18. Nf4 f6 19. Bh4 g5 20. Bh3 Nf8 21. Bxg5
fxg5 22. Nxg5 Bc8 23. Bf5 Bxf5 24. Qxf5 Qc3 25. Nxh7 Qe5 26. Qxe5 Bxe5 27. Nxf8
Kxf8 28. Ng6+ Kf7 29. Nxe5+ dxe5 30. Rec1 Rb4 31. Ra1 Ra3 32. Kf1 c3 33. Rab1
Rc4 34. d6 exd6 35. Rc2 Rxa2 36. Rbc1 Ra3 37. Rb1 Rb3 38. Ra1 Rd4 39. Ra7+ Ke6
40. Rc7 Nc4 41. Kg2 Rb2 42. Rxc3 d5 43. Rf3 Rxe2 44. Rff7 Rdd2 45. Rce7+ Kd6
46. Rc7 Rxf2+ 47. Rxf2 Rxf2+ 48. Kxf2 Kxc7 49. h4 Kd7 0-1

[Event "Univé Chess Tournament 2009 - Open"]
[Site "Hoogeveen NED"]
[Date "2009.10.21"]
[Round "6.31"]
[White "Beijerinck, Nick"]
[Black "Hortensius, Lisa"]
[Result "1-0"]
[WhiteElo "2044"]
[BlackElo "2042"]
[PlyCount "89"]
[EventDate "2009.10.16"]
[EventType "swiss"]
[EventRounds "9"]
[EventCountry "NED"]
[Source "lmi"]
[SourceDate "2009.10.16"]

1. e4 e6 2. d4 d5 3. Nc3 Bb4 4. e5 b6 5. Qg4 Bf8 6. Nf3 Qd7 7. Bd3 Nc6 8. Ng5
g6 9. h4 h5 10. Qf4 Nh6 11. a3 Nf5 12. Be3 a5 13. f3 Ba6 14. Bxa6 Rxa6 15. Bf2
Bh6 16. g4 Ng7 17. Qd2 Ra8 18. Be3 Rb8 19. Nge4 Bxe3 20. Nf6+ Kd8 21. Qxe3 Qe7
22. O-O-O Ne8 23. g5 Kc8 24. Qd3 Kb7 25. Na4 Na7 26. c4 Nxf6 27. exf6 Qe8 28.
Nc3 Qd7 29. cxd5 exd5 30. Rhe1 Rbe8 31. Re5 Rxe5 32. dxe5 c6 33. Qd4 Re8 34.
Rd3 Qc7 35. f4 Re6 36. Re3 Qd8 37. Ne4 Nb5 38. Nd6+ Nxd6 39. exd6 Qxd6 40. Rxe6
Qxe6 41. Qe5 Qd7 42. f5 gxf5 43. Qe7 Kc7 44. g6 fxg6 45. Qg7 1-0

[Event "Univé Chess Tournament 2009 - Open"]
[Site "Hoogeveen NED"]
[Date "2009.10.22"]
[Round "7.1"]
[White "Nijboer, Friso"]
[Black "Romanishin, Oleg"]
[Result "1-0"]
[WhiteElo "2540"]
[BlackElo "2515"]
[PlyCount "109"]
[EventDate "2009.10.16"]
[EventType "swiss"]
[EventRounds "9"]
[EventCountry "NED"]
[Source "lmi"]
[SourceDate "2009.10.16"]

1. e4 e5 2. Nf3 Nc6 3. Bb5 a6 4. Ba4 Nf6 5. O-O Be7 6. Re1 b5 7. Bb3 d6 8. c3
O-O 9. h3 Na5 10. Bc2 c5 11. d4 Bb7 12. d5 Nc4 13. b3 Nb6 14. a4 Bc8 15. Qe2
Bd7 16. c4 b4 17. Nbd2 Nh5 18. Nf1 Bf6 19. g4 Nf4 20. Bxf4 exf4 21. e5 dxe5 22.
Qe4 g6 23. Nxe5 Bxe5 24. Qxe5 Qh4 25. Qxf4 Qxh3 26. a5 Nc8 27. f3 Qh4 28. Ne3
f5 29. Ng2 Qf6 30. g5 Qd6 31. Re5 Re8 32. Rae1 Rxe5 33. Rxe5 Qf8 34. Qe3 Nd6
35. Qxc5 Nf7 36. Qxf8+ Kxf8 37. Re3 Rc8 38. f4 Rc5 39. Ne1 Rxa5 40. Nd3 Ra1+
41. Re1 Rxe1+ 42. Nxe1 a5 43. Kf2 Ke7 44. Ke3 h6 45. gxh6 Nxh6 46. Kd4 Ng4 47.
Nf3 Be8 48. c5 Bb5 49. Ne5 Nxe5 50. fxe5 f4 51. Bxg6 a4 52. bxa4 Bxa4 53. Be4
Bb5 54. c6 b3 55. Kc3 1-0